000 00461cam a2200181 4500
001 D890
008 090401t1979 xxu||||| |||| 00| 0 eng d
035 _a(Sirsi) u48751
041 _aeng
050 _a658
100 _aAllsop, Michael
245 _aManagement in professions: guidelines to improved professional performance
260 _aLondon
_bBusiness Books
_c1979
300 _axiii. 201p. 22cm
350 _a12
942 _n0
948 _c04/03/1997
999 _c92401
_d92401